Nghề trồng cây mắc-ca
Khái quát về cây mắc-ca. Đặc trưng thực vật học, đặc tính sinh học và yêu cầu của cây mắc-ca đối với môi trường sinh thái. Kĩ thuật chọn giống, sản xuất giống, xây dựng vườn cây, chăm sóc và thu hái chế biến mắc-ca...
محفوظ في:
| المؤلف الرئيسي: | |
|---|---|
| التنسيق: | كتاب |
| اللغة: | Undetermined |
| منشور في: |
Hà Nội
Nông nghiệp
2012
|
| الموضوعات: | |
| الوسوم: |
إضافة وسم
لا توجد وسوم, كن أول من يضع وسما على هذه التسجيلة!
|
| Thư viện lưu trữ: | Trung tâm Học liệu Trường Đại học Cần Thơ |
|---|
| LEADER | 00957nam a2200205Ia 4500 | ||
|---|---|---|---|
| 001 | CTU_208869 | ||
| 008 | 210402s9999 xx 000 0 und d | ||
| 020 | |c 24000 | ||
| 082 | |a 634 | ||
| 082 | |b T105/Q.25 | ||
| 100 | |a Nguyễn, Công Tạn | ||
| 245 | 0 | |a Nghề trồng cây mắc-ca | |
| 245 | 0 | |c Nguyễn Công Tạn ; Nguyễn Lân Hùng (Chủ nhiệm chương trình) | |
| 260 | |a Hà Nội | ||
| 260 | |b Nông nghiệp | ||
| 260 | |c 2012 | ||
| 520 | |a Khái quát về cây mắc-ca. Đặc trưng thực vật học, đặc tính sinh học và yêu cầu của cây mắc-ca đối với môi trường sinh thái. Kĩ thuật chọn giống, sản xuất giống, xây dựng vườn cây, chăm sóc và thu hái chế biến mắc-ca | ||
| 650 | |a Fruit,Cây ăn trái | ||
| 904 | |i Hải | ||
| 980 | |a Trung tâm Học liệu Trường Đại học Cần Thơ | ||